[Event "TUR-ch Seniors 50"]
[Site "Ankara"]
[Date "2023.05.19"]
[Round "1"]
[White "Gozubuyukoglu, Selami"]
[Black "Sozen, Abdullah"]
[Result "1-0"]
[WhiteElo "1642"]
[BlackElo "1219"]
[PlyCount "103"]
[EventDate "2023.05.19"]
[EventType "swiss"]
[EventRounds "9"]
[EventCountry "TUR"]
[SourceTitle "CBM 214 Extra"]
[Source "ChessBase"]
[SourceDate "2023.07.31"]
[SourceVersion "1"]
[SourceVersionDate "2023.07.31"]
[SourceQuality "1"]

1. e4 e5 2. Nc3 Nf6 3. Bc4 Nxe4 4. Qh5 Nd6 5. Qxe5+ Qe7 6. Qxe7+ Bxe7 7. Bb3 0-0 8. Nf3 Nc6 9. a3 Nf5 10. d4 Nfxd4 11. Nd5 Nxb3 12. cxb3 Bd8 13. 0-0 d6 14. b4 Be6 15. Nf4 Bc4 16. Re1 Bf6 17. Nh5 Be7 18. b3 Be6 19. Bb2 Rae8 20. Bxg7 Bxb3 21. Bxf8 Kxf8 22. Rac1 a6 23. Re3 Ba4 24. Rce1 Rd8 25. h4 d5 26. Rd3 d4 27. Rc1 Bb5 28. Rd2 d3 29. Nf4 Nd4 30. Rcd1 Nxf3+ 31. gxf3 Bxh4 32. Nxd3 Ba4 33. Rc1 c6 34. f4 Bf6 35. Kf1 Bb5 36. Ke2 Bxd3+ 37. Rxd3 Rxd3 38. Kxd3 h5 39. Rh1 h4 40. a4 Ke7 41. a5 Kd7 42. Rb1 Kc7 43. Ke4 b6 44. Rb3 bxa5 45. bxa5 Be7 46. Kf5 Bc5 47. Kf6 Bxf2 48. Kxf7 Be1 49. f5 Bxa5 50. f6 c5 51. Ke8 c4 52. Rb1 1-0

[Event "Ankara Ipek Memorial 7th"]
[Site "Ankara"]
[Date "2019.03.07"]
[Round "2"]
[White "Sozen, Abdullah"]
[Black "Kizilkus, Akin"]
[Result "1/2-1/2"]
[WhiteElo "1466"]
[BlackElo "2004"]
[PlyCount "141"]
[EventDate "2019.03.06"]
[EventType "swiss"]
[EventRounds "7"]
[EventCountry "TUR"]
[SourceTitle "CBM 189 Extra"]
[Source "ChessBase"]
[SourceDate "2019.05.31"]
[SourceVersion "1"]
[SourceVersionDate "2019.05.31"]
[SourceQuality "1"]

1. d4 Nf6 2. Nf3 g6 3. Bg5 Bg7 4. Nbd2 d6 5. e4 0-0 6. c3 c5 7. dxc5 dxc5 8. Bc4 Nc6 9. 0-0 Qc7 10. Qe2 h6 11. Bxf6 exf6 12. h3 f5 13. Nh4 Kh8 14. exf5 g5 15. Qh5 Qf4 16. f6 Qxf6 17. Nhf3 Bf5 18. Rfe1 Bg6 19. Qg4 Rae8 20. Qd7 Re7 21. Rxe7 Qxe7 22. Qxe7 Nxe7 23. Re1 Nc6 24. Ne4 b6 25. Nd6 Kg8 26. Ne8 Ne5 27. Bb5 Bd3 28. Nxe5 Bxb5 29. Nxg7 Kxg7 30. Ng4 Re8 31. Rxe8 Bxe8 32. Kf1 f5 33. Ne3 Kf6 34. g3 Bf7 35. a3 Ke5 36. Ke2 Be6 37. Kf3 h5 38. h4 gxh4 39. gxh4 f4 40. Nc2 Bb3 41. Ne1 Bd1+ 42. Kg2 Ke4 43. Kf1 f3 44. Kg1 c4 45. Kh2 Kf4 46. Kh3 a5 47. Kh2 Kg4 48. Kg1 Kxh4 49. Kh2 Kg4 50. Kg1 Ba4 51. Kh2 h4 52. Kg1 Kf4 53. Kh2 Bd7 54. Kg1 Bf5 55. Kh2 Ke4 56. Kg1 Bg4 57. Kh2 Kd5 58. Kg1 Kc5 59. Nc2 Kb5 60. Ne3 Be6 61. Nf1 Kc5 62. Nd2 Bg4 63. Kh2 Kd5 64. Kg1 b5 65. Kh2 Kc5 66. Ne4+ Kc6 67. Nd2 Kd5 68. Kg1 Kc6 69. Kh2 Kd5 70. Kg1 Kc6 71. Kh2 1/2-1/2